Spider-Man: Into the Spider-verse (2018): Characters by Picture - Statistics

General Stats
  • This quiz has been taken 176 times
  • The average score is 15 of 19
Answer Stats
Picture Answer % Correct
Gwen Stacy
100%
Miles Morales
100%
Peter B. Parker
98%
Peter Parker Noir
95%
Aaron Davis
91%
Wilson Fisk
89%
Mary Jane Watson
87%
May Parker
87%
Peter Porker
86%
Stan Lee
86%
Miguel O'Hara
81%
Olivia Octavius
81%
Norman Osborn
76%
Rio Morales
74%
Jefferson Davis
72%
Peni Parker
69%
Maximus Gargan
58%
Lonnie Lincoln
53%
LYLA
31%
No matching quizzes found
Score Distribution
Percent of People with Each Score
Percentile by Number Answered
Your Score History
You have not taken this quiz